Les fruits d´or
Պահպանված է:
| Հիմնական հեղինակ: | |
|---|---|
| Ձևաչափ: | Գիրք |
| Լեզու: | Undetermined |
| Հրապարակվել է: |
París, Francia
Gallimard
1969
|
| Խորագրեր: | |
| Ցուցիչներ: |
Ավելացրեք ցուցիչ
Չկան պիտակներ, Եղեք առաջինը, ով նշում է այս գրառումը!
|
MARC
| LEADER | 00000nam a2200000Ia 4500 | ||
|---|---|---|---|
| 008 | 170316s9999 xx 000 0 und d | ||
| 040 | |a cru BVZT | ||
| 090 | |a 840 S-9f | ||
| 100 | |a Sarraute, Nathalie | ||
| 245 | |a Les fruits d´or | ||
| 260 | |a París, Francia | ||
| 260 | |b Gallimard | ||
| 260 | |c 1969 | ||
| 300 | |a 157 páginas | ||
| 650 | |a LITERATURA FRANCESA | ||
| 999 | |c 8023 |d 8023 | ||
| 942 | |c 15 D |h 840 S-9f |2 z | ||
